00942 a2200193 4500003000500000005001700005040000900022082001100031100001800042245005900060260003000119300001100149505039700160538003000557650002700587942001200614999001900626952010300645Nust20170207153425.0 cNust a371.62 aA. H. Garlick aA new manual of methodbManual of MethodcA.H.Garlick, aNew YorkbLongs manc1916 a378,p; aSchool Economy (Page-1) Discipline (Page-12) Classification (page-38) Method (page-48) Method .Class Teaching (Page-57) Object Lessons (Page-66) Kindergarten (page-79) Arithmetic (Page-91) Reading (page-153) Spelling (page-184) Writing (Page-195) Geography (Page-217) History (Page-258) English (Page-277) Difference Between Object lessons and Elementary Science (Page-308) Music (Page-316)  aAlmirah No.55, Shelf No.3 aA new manual of method 2ddccBK c185879d185879 00102ddc40708NFICaMCSbMCSd2016-12-12l0o371.62 GARpMCS29783r2016-12-08w2016-12-12yBK